| 000 | 00589nam a2200181Ia 4500 | ||
|---|---|---|---|
| 008 | 090630s9999 xx 000 0 und d | ||
| 082 | _b25021 | ||
| 100 | _aआचार्य नयना. | ||
| 245 |
_aसस्य शामला. _cआचार्य नयना. |
||
| 260 |
_bगीता एजन्सीज. _c2006 |
||
| 300 | _a199 | ||
| 600 | _aआचार्य नयना. | ||
| 630 | _aसस्य शामला. | ||
| 655 | _aकादंबरी. | ||
| 700 | _aआचार्य नयना. | ||
| 730 | _aसस्य शामला. | ||
| 942 | _cBOOK | ||
| 999 |
_c276877 _d276877 |
||